Flaggen der Überseegebiete - Statistiken

Allgemein
  • Dieses Quiz wurde 106 mal gespielt
  • Das Durchschnittsergebnis liegt bei 129 aus 144
Antwortstatistiken
Frage Kachel Select % Korrekt
Grönland Nein
100%
Grönland Nein
100%
Grönland Nein
100%
Grönland Nein
100%
Grönland Nein
100%
Grönland Nein
100%
Grönland Nein
100%
Grönland Nein
100%
Grönland Nein
99%
Grönland Nein
98%
Grönland Nein
98%
Grönland Ja
97%
Insel Man Nein
97%
Insel Man Nein
97%
Insel Man Nein
97%
Insel Man Nein
97%
Insel Man Nein
97%
Insel Man Nein
97%
Insel Man Nein
97%
Französisch-Polynesien Nein
96%
Französisch-Polynesien Nein
96%
Französisch-Polynesien Nein
96%
Französisch-Polynesien Nein
96%
Insel Man Nein
96%
Insel Man Nein
96%
Insel Man Nein
96%
Französisch-Polynesien Nein
94%
Insel Man Nein
94%
Aruba Nein
93%
Aruba Nein
93%
Aruba Nein
93%
Französisch-Polynesien Nein
93%
Französisch-Polynesien Nein
93%
Aland-Inseln Nein
93%
Aland-Inseln Nein
93%
Aland-Inseln Nein
93%
Aland-Inseln Nein
93%
Französisch-Polynesien Nein
92%
Guernsey Nein
92%
Guernsey Nein
92%
Guernsey Nein
92%
Guernsey Nein
92%
Aland-Inseln Nein
92%
Aland-Inseln Nein
92%
Aland-Inseln Nein
92%
Aruba Nein
91%
Aruba Nein
91%
Aruba Nein
91%
Französisch-Polynesien Nein
91%
Insel Man Ja
91%
Puerto Rico Nein
91%
Puerto Rico Ja
91%
Puerto Rico Nein
91%
Puerto Rico Nein
91%
Puerto Rico Nein
91%
Puerto Rico Nein
91%
Puerto Rico Nein
91%
Puerto Rico Nein
91%
Puerto Rico Nein
91%
Puerto Rico Nein
91%
Puerto Rico Nein
91%
Puerto Rico Nein
91%
Norfolkinsel Nein
91%
Norfolkinsel Nein
91%
Norfolkinsel Nein
91%
Norfolkinsel Nein
91%
Norfolkinsel Nein
91%
Guernsey Nein
91%
Guernsey Nein
91%
Guernsey Nein
91%
Aland-Inseln Nein
91%
Aland-Inseln Nein
91%
Aland-Inseln Nein
91%
Aruba Nein
90%
Aruba Nein
90%
Sint Maarten Nein
90%
Sint Maarten Nein
90%
Sint Maarten Nein
90%
Sint Maarten Nein
90%
Norfolkinsel Nein
90%
Norfolkinsel Nein
90%
Guernsey Nein
90%
Guernsey Nein
90%
Guernsey Nein
90%
Aruba Nein
89%
Aruba Nein
89%
Aruba Nein
89%
Sint Maarten Nein
89%
Amerikanisch-Samoa Nein
89%
Amerikanisch-Samoa Nein
89%
Amerikanisch-Samoa Nein
89%
Amerikanisch-Samoa Nein
89%
Amerikanisch-Samoa Nein
89%
Französisch-Guyana Nein
89%
Französisch-Guyana Nein
89%
Französisch-Guyana Nein
89%
Französisch-Guyana Nein
89%
Norfolkinsel Nein
89%
Guernsey Nein
89%
Neukaledonien Nein
89%
Neukaledonien Nein
89%
Aland-Inseln Nein
89%
Sint Maarten Nein
88%
Sint Maarten Nein
88%
Amerikanisch-Samoa Nein
88%
Französisch-Guyana Nein
88%
Französisch-Guyana Nein
88%
Norfolkinsel Nein
88%
Neukaledonien Nein
88%
Neukaledonien Nein
88%
Neukaledonien Nein
88%
Neukaledonien Nein
88%
Französisch-Polynesien Nein
87%
Sint Maarten Nein
87%
Amerikanisch-Samoa Nein
87%
Amerikanisch-Samoa Nein
87%
Amerikanisch-Samoa Nein
87%
Amerikanisch-Samoa Nein
87%
Französisch-Guyana Nein
87%
Französisch-Guyana Nein
87%
Norfolkinsel Nein
87%
Neukaledonien Nein
87%
Sint Maarten Nein
85%
Amerikanisch-Samoa Nein
85%
Französisch-Guyana Nein
85%
Neukaledonien Nein
85%
Neukaledonien Nein
85%
Französisch-Polynesien Nein
84%
Sint Maarten Nein
84%
Französisch-Guyana Nein
83%
Neukaledonien Nein
83%
Neukaledonien Nein
82%
Sint Maarten Nein
81%
Norfolkinsel Nein
80%
Französisch-Guyana Nein
79%
Guernsey Ja
79%
Aland-Inseln Ja
79%
Amerikanisch-Samoa Ja
76%
Aruba Ja
73%
Norfolkinsel Ja
72%
Französisch-Guyana Ja
66%
Neukaledonien Ja
66%
Französisch-Polynesien Ja
64%
Sint Maarten Ja
63%
Keine übereinstimmenden Quizze gefunden
Verteilung der Resultate
Anzahl Personen mit jedem Resultat
Perzentil nach korrekt beantworteten Fragen
Ihre Resultats-Entwicklung
Sie haben dieses Quiz noch nicht gespielt